Ekonomické a ekologické aspekty obnoviteľných a neobnoviteľných zdrojov energie diplomová práca

Salvato in:
Dettagli Bibliografici
Autore principale: Lendacký, Ľuboš
Ente Autore: Podnikovohospodárska fakulta EU so sídlom v Košiciach. Katedra marketingu a obchodu
Altri autori: Naščáková, Jana
Natura: Libro
Lingua:slovacco
Pubblicazione: Košice 2010
Tags: Aggiungi Tag
Nessun Tag, puoi essere il primo ad aggiungerne!!

MARC

LEADER 00000nam$a2200000$$$4500
001 0123289
005 20240318122019.6
041 0 |a slo 
044 |a SK 
245 1 0 |a Ekonomické a ekologické aspekty obnoviteľných a neobnoviteľných zdrojov energie  |b diplomová práca  |c Ľuboš Lendacký ; škol. Jana Naščáková 
264 1 |a Košice  |c 2010 
300 |a 71 s. 
100 1 |a Lendacký, Ľuboš 
700 1 |a Naščáková, Jana 
710 2 |a Podnikovohospodárska fakulta EU so sídlom v Košiciach. Katedra marketingu a obchodu